Word Ladder: Blue Ivies Quiz Stats

 Plays Quiz Updated May 20, 2019

Score 0/10 Timer 01:00
27 Plays Today
Clue 4-Letter Word % Correct
Chair or stool, e.g.SEAT
95.5%
Get healthy; recoverHEAL
93.8%
'Kiss from a Rose' singerSEAL
92.4%
Abode for sinners, in ChristianityHELL
89.4%
• Ivy League school in New Haven, CT •• YALE •
88.5%
Decomposed vegetable matter in bogsPEAT
87.6%
Cry for helpYELL
81.3%
Closely confined; held backPENT
77.7%
• Ivy League school in Philadelphia, PA (abbr.) •• PENN •
76.9%
Partner of howdyY'ALL
76%

Today's Daily Dose

You're not logged in!

Compare scores with friends on all Sporcle quizzes.
OR
Log In

Show Comments

Extras

Top Quizzes Today


Score Distribution

Your Account Isn't Verified!

In order to create a playlist on Sporcle, you need to verify the email address you used during registration. Go to your Sporcle Settings to finish the process.

Report this User

Report this user for behavior that violates our Community Guidelines.

Details: